000 01374nam a2200313 i 4500
001 4126691
005 20231006145559.0
008 770627s1977 nyua b 001 0 eng
010 _a76052363
020 _a0838562590
_q(paperback)
040 _aDLC
_cCSPC
_dCSPC
050 0 0 _aZ56.3.M4
_bE84 1977
082 0 0 _a653.427
_bEs35m
100 1 _aEshom, Myreta.
_eauthor.
245 1 0 _aMedical secretary's manual /
_cMyreta Eshom.
250 _a2nd
_bEdition
264 _aNew York :
_bAppleton-Century-Crofts,
_c1977.
300 _axiv, 562 pages :
_billustrations ;
_c26 cm.
336 _2rdacontent
_atext
_btxt
337 _2rdamedia
_aunmediated
_bn
338 _2rdacarrier
_avolume
_bnc
504 _aIncludes bibliographical references and index.
505 _aThe cell -- Tissues of the body -- The skin -- The musculoskeletal system -- The cardiovascular system -- The blood -- The lymphoreticular system -- Respiratory tract -- The nervous system -- Digestive system -- Accessory organs of digestion -- Microorganisms -- Genitourinary system -- Obstetrics and gynecology -- The eye -- The ear -- Endocrine system.
650 0 _aMedical shorthand.
650 0 _2Shorthand
_xGregg
906 _a7
_bcbc
_corignew
_d2
_eocip
_f19
_gy-gencatlg
942 _2ddc
_n0
_cBK
_h653.427 Es35m
_kCIR
_m1977
999 _c26226
_d26226